000
00231nam a2200097Ia 4500
001
652654
005
20250826154442.0
008
250824s9999 xx 000 0 und d
245
0
_a
RUBY ROGERS ANLAT BANA
_c
SUE LİMB
260
_b
ALTIN
999
_c
652654
_d
652654